000 00617nam a2200253Ia 4500
003 OSt
005 20221007110639.0
006 a|||||r|||| 00| 0
007 ta
008 221006b |||||||| |||| 00| 0 eng d
024 _a21,544
037 _cTextual
040 _aLCO
_cLCO
_beng
041 _2eng
_aeng
082 _aV1:5, P8
100 _aAgarwal H.O.
245 0 _aHuman Rights
250 _a11th
260 _aAllahabad
_bCentral Law Publications India
_c2008
300 _a392
650 _aHUMAN RIGHTS
942 _hV1:5, P8
_cTEXL
999 _c1191107
_d1191107